000 01283cam a2200361 i 4500
001 1226
003 Mx-PuUPA
005 20250924142237.0
008 140415s2006 sp gr 000 0 spa d
017 _aM-23651-2006
020 _a8474907926
040 _aMx-PuUPA
_bspa
_cMx-PuUPA
_dMx-PuUPA
_erda
041 1 _aspa
_hfre
100 1 _aFinkielkraut, Alain
_d1949-
_eautor
_95993
240 1 0 _aNous autres, modernes.
_lEspañol
245 1 0 _aNosotros, los modernos :
_bcuatro lecciones /
_cAlain Finkielkraut, prólogo de Jon Juaristi, traducción, Miguel Montes
264 1 _aMadrid :
_bEdiciones Encuentro,
_c©2006
300 _a311 páginas ;
_c23 cm
336 _2rdacontent
_atexto
_btxt
337 _2rdamedia
_asin medio
_bn
338 _2rdacarrier
_avolumen
_bnc
490 0 _aEnsayos ;
_v282
650 7 _2armarc
_aFilosofía moderna
_ySiglo XX
650 7 _2armarc
_aFilosofía moderna en la literatura
_ySiglo XX
650 7 _2armarc
_aCivilización
_xFilosofía
700 1 _aJuaristi, Jon,
_eprologuista
700 1 _aMontes, Miguel,
_etraductor
765 0 _aFinkielkraut, Alain
_dParís : Ellipses, ©2005
_tNous autres, modernes.
942 _2ddc
_cLI
_h190.904
_iF4518
999 _c1226
_d1226